000 00540nam a2200181Ia 4500
008 240729s9999 xx 000 0 und d
022 _a2666-7207
245 0 _aResults in Control and Optimization
260 _aNetherlands
260 _bElsevier
650 _a Applied mathematics. Quantitative methods
650 _a Industrial engineering. Management engineering
650 _a Technology (General)
650 _aTechnology
856 _uhttps://doaj.org/toc/2c8f766339684510b5386461f9e1d53e
942 _2ddc
942 _cDOAJEJ
999 _c66494
_d66494
945 _a1
_bMadushi Gamage
_c1
_dMadushi Gamage